Normal view
MARC view
- Philip Allmendinger (Editor), Alan Prior (Editor), Jeremy Raemaekers
Entry Personal Name
001 - CONTROL NUMBER
- control field: 27695
003 - CONTROL NUMBER IDENTIFIER
- control field: NUST
005 - DATE AND TIME OF LATEST TRANSACTION
- control field: 20200117095853.0
008 - FIXED-LENGTH DATA ELEMENTS
- fixed length control field: 200117|| aca||aabn | a|a d
040 ## - CATALOGING SOURCE
- Original cataloging agency: NUST
- Transcribing agency: NUST
100 ## - HEADING--PERSONAL NAME
- Personal name: Philip Allmendinger (Editor), Alan Prior (Editor), Jeremy Raemaekers
670 ## - SOURCE DATA FOUND
- Source citation: Work cat.: (NUST): Philip Allmendinger (Editor), Alan Prior (Editor), Jeremy Raemaekers, Introduction to Planning Practice, c2000
